Normal view
MARC view
Entry Personal Name
001 - CONTROL NUMBER
- control field: 3588
003 - CONTROL NUMBER IDENTIFIER
- control field: Ke-BoTe
005 - DATE AND TIME OF LATEST TRANSACTION
- control field: 20220426120618.0
008 - FIXED-LENGTH DATA ELEMENTS
- fixed length control field: 220426|| aca||aabn | a|a d
040 ## - CATALOGING SOURCE
- Original cataloging agency: Ke-BoTe
- Transcribing agency: Ke-BoTe
100 ## - HEADING--PERSONAL NAME
- Personal name: spratto ,George .
- Fuller form of name: George R Spratto; Adrienne Woods
670 ## - SOURCE DATA FOUND
- Source citation: Work cat.: (Ke-BoTe)1828: spratto ,George . George R Spratto; Adrienne Woods, PDR nurse's handbook : , ♭2003 .
